000 00276pam a2200121 a 4500
020 _c
041 _h
082 _a659.1
_bPAG
245 _aNever use Pop Up Windows
_hTextual Documents
260 _a[s.l]:
_bPage one Publishing ,
_c2010.
300 _bhard;
930 _a5991
999 _c239781
_d239781